A rejtett gazdaság visszaszorítása

Elmentve itt :
Bibliográfiai részletek
Szerző: Mészáros Bernadett
További közreműködők: Papp István (Témavezető)
Dokumentumtípus: Szakdolgozat
Megjelent: 2009
Tárgyszavak:
Online Access:http://diploma.bibl.u-szeged.hu/33716
LEADER 00537nta a2200157 i 4500
001 dipl33716
005 20130314093701.0
008 110811s2009 hu om 0|| zxx d
040 |a SZTE Diploma Repozitórium  |b hun 
041 |a zxx 
100 1 |a Mészáros Bernadett 
245 1 2 |a A rejtett gazdaság visszaszorítása  |h [elektronikus dokumentum] /  |c Bernadett Mészáros 
260 |c 2009 
650 4 |a Gazdaságtudományok 
700 1 |a Papp István  |e ths 
856 4 0 |u http://diploma.bibl.u-szeged.hu/id/eprint/33716/1/szakdolgozat.pdf  |z Dokumentum-elérés